Normal view
MARC view
Entry Personal Name
001 - CONTROL NUMBER
- control field: 24882
003 - CONTROL NUMBER IDENTIFIER
- control field: dpl
005 - DATE AND TIME OF LATEST TRANSACTION
- control field: 20101216141307.0
008 - FIXED-LENGTH DATA ELEMENTS
- fixed length control field: 101216|||a|||||| | ||| d
040 ## - CATALOGING SOURCE
- Original cataloging agency: dpl
- Transcribing agency: dpl
100 ## - HEADING--PERSONAL NAME
- Personal name: पटेल, पन्ना
670 ## - SOURCE DATA FOUND
- Source citation: Work cat.: (dpl): पटेल, पन्ना, गूँगे सुर बाँसुरी के / , 2009
670 ## - SOURCE DATA FOUND
- Source citation: Work cat.: (dpl): पटेल, पन्ना, गूँगे सुर बाँसुरी के / , 2009
